000 02178cam a22004334i 4500
003 PE-LiUPU
005 20250731183406.0
008 171120s2002 ag 0 rb 000 0 spa d
020 _a9789879393178
035 _a(Sirsi) a240134
040 _aPE-LIUPU
_bspa
_cPE-LIUPU
_erda
082 0 4 _a700.105
_bM19
_221
245 0 0 _aTécnica y cultura :
_bel debate alemán entre Bismarck y Weimar /
_cTomás Maldonado, compilador.
246 _aDebate alemán entre Bismarck y Weimar
250 _aPrimera edición.
264 _aBuenos Aires :
_bEdiciones Infinito,
_c2002.
300 _a316 páginas ;
_c23 centímetros
336 _atext
_2rdacontent
337 _aunmediated
_2rdamedia
338 _avolume
_2rdacarrier
504 _aBibliografía : páginas 299-316.
505 0 _aIntroducción -- Cultura y técnica -- Dominio de la técnica -- Técnica y economía -- Metrópolis y la vida espiritual -- Importancia de las artes aplicadas -- Estética de la ingeniería -- Arte y técnica -- Arte e industria -- Técnica y cultura -- Mecanización del mundo -- Contribución de las estructuras industriales para la formación de un nuevo estilo -- Filosofía de la técnica -- Ciencia como profesión -- Frialdad de la técnica -- Técnica e idealismo -- Principios para la producción del Bauhaus -- Nuevo mundo -- Filosofía de la técnica -- Exijamos la dictadura de la máquina -- Todavía la técnica, un "tour d'horizon".
526 _aP158
526 _aP146
526 _aP17
526 _aP12
526 _aP06
526 8 _iPrograma académico :
_5PE-LiUPU
541 _g003-1756;
650 0 4 _aArt and technology.
650 0 4 _aPolitical culture.
650 0 4 _aArte y tecnología.
650 0 4 _aCultura política.
700 1 _aMaldonado, Tomás,
_ecompilador.
910 _adbm
_bksl
_cksl
_d20171120
596 _a1
942 _2ddc
_cBOOK
999 _a700.105 M19
_wLC
_c25797
_i77068
_d25797
_e2018-11-15
_f2021-11-9
_g4
_lCCODEBUL1
_mBUL
_n1
_p30.50
_r0
_sY
_tBOOK
_u2017-11-20
_xINGENIERIA
_PP06
_0COMPRA
_o.STAFF. Colección Ingeniería y Arquitectura
980 _81
_gALBERTO SANCHEZ Responsable de Automatización